| 000 | 00367nam a22001457a 4500 | ||
|---|---|---|---|
| 003 | SGT | ||
| 082 |
_a615.53 _bP10S |
||
| 100 | _aSHREEVASTAWA, SHAILJA | ||
| 245 | _aAYURVEDIYA SACHITRA PADHARTH VIGYAN | ||
| 260 |
_aNEW DELHI _bCHAUKHAMBHA PUB. _c2010 |
||
| 300 | _a360 | ||
| 650 | _aAYURVEDA | ||
| 653 | _aAYURVEDIYA, SACHITRA , PADHARTH, VIGYAN | ||
| 942 |
_2ddc _cBK |
||
| 999 |
_c34837 _d34837 |
||